000 02775nab a2200277 i 4500
003 BR-BrBNA
005 20240816113524.0
008 240816b2017 bl.qr|pooa||| 00| 0 por |
040 _aBR-BrBNA
_bpor
072 _aF60
100 _aDantas, A.C.S.
100 _aSá, P.G.S.
100 _aAlmeida, J.R.G.S.
100 _aHorta, M.C.
245 _aSelaginella convoluta apresenta atividade acaricida frente ao carrapato Rhipicephalus (Boophilus) microplus
500 _aPublicação on-line; 21 ref.; 1 table; Summaries (En, Pt)
520 _a RESUMO: O presente trabalho objetivou avaliar a atividade acaricida in vitro do extrato etanólico bruto e das frações obtidas por partição do extrato etanólico de Selaginella convoluta no controle de Rhipicephalus (Boophilus) microplus. O extrato bruto e as frações (5, 10 e 25 mg/mL) foram submetidos ao teste de imersão de fêmeas ingurgitadas para verificação da porcentagem de eclosão dos ovos, inibição da oviposição, índice de reprodução estimada e a eficácia dos extratos. Das amostras avaliadas, o extrato etanólico bruto (2,5%) apresentou o melhor resultado, obtendo 54,6% de eficácia. Embora nem todas as frações tenham apresentado uma eficácia satisfatória, os resultados encontrados podem sugerir um efeito auxiliar no controle de carrapatos. Palavras-chaves: carrapato; controle biológico; jericó
520 _a ABSTRACT: Selaginella convolute presents acaricidal activity against Rhipicephalus (Boophilus) microplus ticks. This study aimed to evaluate the in vitro acaricidal activity of crude ethanolic extract and phases obtained by partition of the crude extract of Selaginella convoluta in control of Rhipicephalus (Boophilus) microplus. The crude extract and fractions of Selaginella convoluta (5, 10 and 25 mg/ml) were submitted to immersion test engorged females in order to verify the percentage of hatching, inhibition of oviposition, estimated rendering index and efficacy of the extracts. The crude ethanol extract (2.5%) showed the best result, achieving 54.6% of efficiency. Although not all fractions have showed a satisfactory efficacy, the present results may suggest an auxiliary effect in controlling ticks. Keywords: tick; biologic control; jericó
650 _aCARRAPATO
650 _aCONTROLE BIOLÓGICO
650 _aPLANTA MEDICINAL
773 0 _03543
_9317263
_dBotucatu-SP Instituto de Biociências - Departamento de Química e Bioquímica 1998
_o2024-3900
_tRevista Brasileira de Plantas Medicinais (Brazil)
_x1516-0572
_gv. 19(4) p. 518-522; (2017)
_wBR2024002143
856 _uhttp://www.sbpmed.org.br/admin/files/papers/file_9QLPoVAEqwY3.pdf
942 _cAnalítica
999 _c300931
_d300931